000 00289nam a2200109Ia 4500
008 200302s9999 xx 000 0 und d
100 _aRem Koolhaas
245 _aDelirious new York A Retroactive Manifesto for Manhattan
260 _bThe Monacelli Press
260 _c1994
300 _a317 P.,
999 _c2739
_d2739